Цени и ценообразуване (Запис номер 37757)
[ съкратено ]
| 000 -Лидер | |
|---|---|
| Контролно поле с фиксирана дължина | nam a22 a 4500 |
| 003 - Код на организацията, давaща контролен номер | |
| Контролно поле | BLK |
| 005 - Дата и час на последна редакция | |
| Контролно поле | 20221212134625.0 |
| 008 - Елементи от данни с фиксирана дължина | |
| fixed length control field | 180408b bul|||||r ||||||| ||bul|| |
| 040 ## - Източник на каталожния запис | |
| Идентификатор на билиотеката - собственик на записа | BLK |
| 041 ## - Код за език | |
| Код за езика на текст/звукозапис или на отделно заглавие | Български |
| Код за езика КДБФ | Български |
| 080 ## - УДК | |
| Текстов определител УДК | Цени. Ценообразуване. Производствени разходи. Себестойност |
| УДК код - определител по УДК | 338.5 |
| УДК определител | (075.8) |
| УДК - код + определител | 338.5(075.8) |
| 100 1# - Редна дума - Автор | |
| Автор | Василев, Васко Николов |
| Авторска отговорност | първи автор |
| R(LIN) | 365242 |
| 139 ## - Редно поле | |
| Редна дума | Василев, Васко Николов |
| 245 10 - Сведения за заглавието | |
| Заглавие | Цени и ценообразуване |
| Подзаглавни данни | Записки за студентите от ВФСИ Д. А. Ценов - Свищов |
| Редно поле (дума) | Васко Василев. |
| 257 ## - Страна на издаване | |
| Страна на създаване/издаване | България |
| 260 ## - Област на издателските данни | |
| Място на издаване, разпространение и проч. | Свищов |
| Име на издателя, разпространителя и проч. | ВФСИ Д. А. Ценов |
| Година на издаване | 1981 |
| 300 ## - Физическа характеристика | |
| Страници | 215 с. |
| Илюстрации и др. | със сх. |
| Размери/Мащаб | 20 см |
| 380 ## - Жанр | |
| Жанр | Обществени науки |
| 500 ## - Общи забележки | |
| Забележка | Изд. на ВФСИ Д. А. Ценов-Свищов. Кат. Финанси и кредит |
| 650 #4 - Допълнително описание по предмет – тема | |
| Основно описание – тема или топоним | Цени и ценообразуване - учебници за ВУЗ |
| 9 (RLIN) | 244915 |
| 653 ## - Ключова дума – ненормативна | |
| Ключова дума | цени |
| 653 ## - Ключова дума – ненормативна | |
| Ключова дума | ценообразуване |
| 653 ## - Ключова дума – ненормативна | |
| Ключова дума | учебници за ВУЗ |
| 852 ## - Местоположение | |
| Форматна сигнатура | Цб 109795 |
| Фондова буква | Хранилище |
| 999 ## - СИСТЕМНИ КОНТРОЛНИ НОМЕРА | |
| Koha biblionumber | 37757 |
| Koha biblioitemnumber | 37757 |
| 942 ## - АРТИКУЛИ | |
| Вид на библиотечния материал | Книги |
| Скрит в OPAC | Не |
| Периодичен библиозапис | Да |
| 944 ## - СЪЗДАВАНЕ И РЕДАКЦИЯ на ЗАПИСА | |
| Създаване/Редакция | Създаване |
| Дата на регистрацията/редакция | 24.08.2016 |
| Служител, извършил регистрацията/редакцията | Теодора_Стоянова |
| 944 ## - СЪЗДАВАНЕ И РЕДАКЦИЯ на ЗАПИСА | |
| Създаване/Редакция | Редакция |
| Дата на регистрацията/редакция | 2022-12-12 |
| Код за отписване | Код за изгубен артикул | Източник на класификационната схема | Код за повреда | Коз за рестрикции | Код за отдаване | Артикулен № | Име на библиотеката - собственик | Име на библиотеката, в която се намира в момента | Статус (Текущо местоположение) | Дата на вписване в системата | Местоположение - отдел | Цена в лева | Инвентарен номер | Систематично азбучна сигнатура | Баркод | Номер на екземпляра | Цена в евро | Служебна бележка | Служебен тип на артикула |
|---|---|---|---|---|---|---|---|---|---|---|---|---|---|---|---|---|---|---|---|
| Не е изгубен | Universal Decimal Classification | Не е повреден | без рестрикции | ползва се в читалня | 59296 | Регионална библиотека "Любен Каравелов" Русе | Регионална библиотека "Любен Каравелов" Русе | Хранилище | 1981-01-01 | Хранилище | 0.85 | 332597 | Цб 109795 | 120000332597 | 1 | 0.43 | Вид: Сф Дата: 01.01.1981 | Книги | |
| Изтеглен | Не е изгубен | Universal Decimal Classification | Не е повреден | без рестрикции | заемане за дома | 59297 | Регионална библиотека "Любен Каравелов" Русе | Регионална библиотека "Любен Каравелов" Русе | Заемна - подръчен фонд | 1981-01-01 | Заемна - подръчен фонд | 0.85 | 347525 | П 338/В 24 | 347525 | 2 | 0.43 | Вид: Сф Дата: 01.01.1981 | Книги |
| Изтеглен | Не е изгубен | Universal Decimal Classification | Не е повреден | без рестрикции | заемане за дома | 59298 | Регионална библиотека "Любен Каравелов" Русе | Регионална библиотека "Любен Каравелов" Русе | Заемна - подръчен фонд | 1981-01-01 | Заемна - подръчен фонд | 0.85 | 347526 | П 338/В 24 | 347526 | 3 | 0.43 | Вид: Сф Дата: 01.01.1981 | Книги |